Представление документа в формате MARC21

ПолеНазваниеЗначение
  Тип записи a
  Библиографический уровень m
001 Контрольный номер RU\infra-m\znanium\bibl\2236040
005 Дата корректировки 20260429142132.6
008 Кодируемые данные 260120s2025 RU g rus u
020 Индекс ISBN __
a ISBN 978-5-9614-2399-0
040 Источник каталогиз. __
a Служба первич. каталог. Общество с ограниченной ответственностью «ЗНАНИУМ»
041 Код языка издания __
a Код языка текста rus
044 Код страны публикации __
a Код страны публикации RU
080 Индекс УДК __
a Индекс УДК 15
084 Индекс другой классификации/Индекс ББК __
2 Источник индекса rubbk
a Индекс другой классификации/Индекс ББК 71
084 Индекс другой классификации/Индекс ББК __
2 Источник индекса rubbk
a Индекс другой классификации/Индекс ББК 885
100 Автор __
a Автор Фудзимото М.
q Полное имя Фудзимото Мари
245 Заглавие __
a Заглавие Японское искусство гармоничной жизни
b Продолж. заглавия Научно-популярная литература
250 Сведения об издании __
a Основные сведения об издании 1
260 Выходные данные __
a Место издания Москва
b Издательство ООО "Альпина Паблишер"
c Дата издания 2026
300 Физическое описание __
a Объем 112 с.
520 Аннотация __
a Аннотация В Японии стране с многовековой историей и очень высоким уровнем жизни высшим достижением для человека считается обретение гармонии. Она воплощается в принятии несовершенства мира старения и даже смерти в тонком чувствовании красоты и достижении баланса во всех сферах. В книге лингвиста Мари Фудзимото рассказывается о 43 базовых ценностях японской культуры которые помогают понять себя стать ближе к природе примириться с течением времени и улучшить отношения с близкими. Среди этих понятий есть и широко известные например кайдзен вабисаби икигай и практически незнакомые нам хансэй сунао сибуи и многие другие. Текст дополняют хайку великого Мацуо Басё поэти ческие эссе влюбленного в Японию южноафриканца Дэвида Баклера иработы признанного мастера черно-белой фотографии Майкла Кенны.
521 Примеч. о цел. назн. __
a Примеч. о целев. назн. Дополнительное образование взрослых
650 Тематические рубрики __
a Основная рубрика Культура. СМИ
x Основная подрубрика Культура отдельных стран и народов
655 Указ. предметных рубрик (устаревшее) __
a Жанр/ форма (устаревшее) Научно-популярная литература
700 Другие авторы __
a Другие авторы Баклер Д.
q Полное имя Баклер Дэвид
700 Другие авторы __
a Другие авторы Кенна М.
q Полное имя Кенна Майкл
856 Электронный адрес документа 4_
a Имя сервера/домена znanium.ru
m Помощь ebs_support@infra-m.ru
n Местонахождение сервера НИЦ ИНФРА-М
u URL https://znanium.ru/catalog/document?id=474054
856 Электронный адрес документа 48
a Имя сервера/домена znanium.ru
d Путь /cover/2236
f Электронное имя 2236040.jpg
q Тип электронного формата image/jpeg
u URL https://znanium.ru/cover/2236/2236040.jpg
911 __
u 0030=https://znanium.ru/catalog/document?id=474054